LIBRARY & INFORMATION CENTRE, KCAET, TAVANUR

ONLINE PUBLIC ACCESS CATALOGUE (OPAC)

Sprinkler irrigation / (Record no. 1906)

MARC details
000 -LEADER
fixed length control field 00709cam a2200289ua 4500
020 ## - INTERNATIONAL STANDARD BOOK NUMBER
ISBN 81-204-0232-4
041 ## - LANGUAGE CODE
Language code of text/sound track or separate title eng
082 ## - DEWEY DECIMAL CLASSIFICATION NUMBER
Classification number 631.5873
Item number SIV/SP
100 ## - MAIN ENTRY--AUTHOR NAME
Personal name Sivanappan, R.K .
245 ## - TITLE STATEMENT
Title Sprinkler irrigation /
250 ## - EDITION STATEMENT
Edition statement /
260 ## - PUBLICATION, DISTRIBUTION, ETC. (IMPRINT)
Place of publication New Delhi :
Name of publisher Oxford & IBH Publishing company ,
Year of publication 1987.
300 ## - PHYSICAL DESCRIPTION
Number of Pages 146 ; .
942 ## - ADDED ENTRY ELEMENTS (KOHA)
Koha item type Books
Holdings
Withdrawn status Lost status Damaged status Home library Current library Date acquired Full call number Accession Number Koha item type
      KAUAET KAUAET 07/04/2012 631.5873 SIV/SP 19699 Books
      KAUAET KAUAET 07/04/2012 631.5873 SIV/SP 19109 Books
      KAUAET KAUAET 07/04/2012 631.5873 SIV/SP 19107 Books
      KAUAET KAUAET 07/04/2012 631.5873 SIV/SP 17737 Books
      KAUAET KAUAET 07/04/2012 631.5873 SIV/SP 19108 Books
      KAUAET KAUAET 07/04/2012 631.5873 SIV/SP 19241 Books
      KAUAET KAUAET 07/04/2012 631.5873 SIV/SP 19110 Books
      KAUAET KAUAET 07/04/2012 631.5873 SIV/SP 19111 Books
      KAUAET KAUAET 07/04/2012 631.5873 SIV/SP 19240 Books
      KAUAET KAUAET 07/04/2012 631.5873 SIV/SP 19698 Books
free website counter